Qāmūs al-dardashīyah : lughat al-dardashah al-iliktrūnīyah ʻalá al-Intirnit, Inklīzī-ʻArabī / (Record no. 3689)
[ view plain ]
| 000 -LEADER | |
|---|---|
| fixed length control field | 01126cam a2200289Ma 4500 |
| 001 - CONTROL NUMBER | |
| control field | ocn698254335 |
| 003 - CONTROL NUMBER IDENTIFIER | |
| control field | OCoLC |
| 005 - DATE AND TIME OF LATEST TRANSACTION | |
| control field | 20180606171811.0 |
| 008 - FIXED-LENGTH DATA ELEMENTS--GENERAL INFORMATION | |
| fixed length control field | 110106s2010 le d 000 0 ara d |
| 020 ## - INTERNATIONAL STANDARD BOOK NUMBER | |
| International Standard Book Number | 9782745160287 |
| 020 ## - INTERNATIONAL STANDARD BOOK NUMBER | |
| International Standard Book Number | 2745160281 |
| 035 ## - SYSTEM CONTROL NUMBER | |
| System control number | (OCoLC)698254335 |
| 040 ## - CATALOGING SOURCE | |
| Original cataloging agency | UTO |
| Language of cataloging | eng |
| Transcribing agency | UTO |
| Modifying agency | TEF |
| -- | OCLCA |
| -- | OCLCQ |
| 049 ## - LOCAL HOLDINGS (OCLC) | |
| Holding library | TZAA |
| 050 #4 - LIBRARY OF CONGRESS CALL NUMBER | |
| Classification number | REF TK5105 |
| Item number | .M36 |
| 100 1# - MAIN ENTRY--PERSONAL NAME | |
| Personal name | Manṣūrī, Nadīm. |
| 245 10 - TITLE STATEMENT | |
| Title | Qāmūs al-dardashīyah : lughat al-dardashah al-iliktrūnīyah ʻalá al-Intirnit, Inklīzī-ʻArabī / |
| Remainder of title | lughat al-dardashah al-iliktrūnīyah ʻalá al-Intirnit, Inklīzī-ʻArabī / |
| Statement of responsibility, etc | Nadīm Manṣūrī = Chat language dictionary, English-Arabic / Nadim Mansouri. |
| 246 31 - VARYING FORM OF TITLE | |
| Title proper/short title | Chat language dictionary, English-Arabic |
| 250 ## - EDITION STATEMENT | |
| Edition statement | al-Ṭabah 1. |
| 260 ## - PUBLICATION, DISTRIBUTION, ETC. (IMPRINT) | |
| Place of publication, distribution, etc | Bayrūt : |
| Name of publisher, distributor, etc | Dār al-Kutub al-ʻIlmīyah, |
| Date of publication, distribution, etc | 2010. |
| 300 ## - PHYSICAL DESCRIPTION | |
| Extent | 319 pages ; |
| Dimensions | 23 cm |
| 650 #0 - SUBJECT ADDED ENTRY--TOPICAL TERM | |
| Topical term or geographic name as entry element | Text messages (Cell phone systems) |
| General subdivision | Slang |
| Form subdivision | Dictionaries. |
| 650 #0 - SUBJECT ADDED ENTRY--TOPICAL TERM | |
| Topical term or geographic name as entry element | Electronic mail systems |
| General subdivision | Slang |
| Form subdivision | Dictionaries. |
| 650 #0 - SUBJECT ADDED ENTRY--TOPICAL TERM | |
| Topical term or geographic name as entry element | Instant messaging |
| Form subdivision | Dictionaries. |
| 650 #0 - SUBJECT ADDED ENTRY--TOPICAL TERM | |
| Topical term or geographic name as entry element | Emoticons |
| Form subdivision | Dictionaries. |
| 942 ## - ADDED ENTRY ELEMENTS (KOHA) | |
| Source of classification or shelving scheme | Library of Congress Classification |
| Koha item type | Books |
| Home library | Current library | Date acquired | Full call number | Barcode | Koha item type |
|---|---|---|---|---|---|
| African Court on Human and Peoples' Rights Library | African Court on Human and Peoples' Rights Library | 10/10/2017 | REF TK5105 .M36 | 1022730X | Books |
| African Court on Human and Peoples' Rights Library | African Court on Human and Peoples' Rights Library | 06/06/2018 | REF TK5105 .M36 | 10222413 | Books |
